000 00562nam a2200181Ia 4500
005 20250508151117.0
008 008 250505s9999 xx 000 0 eng d
037 _aTextual
040 _aFEDL
_beng
_cFEDL
041 _aeng
_2eng
084 _a371.426, ABB
_qFEDL
100 _aAbbott A
_9282879
245 0 _aReport on vaocational education in India: Delhi, the Punjab and the united provinces
260 _aNew Delhi, India
_bManager of Publications
_c1948
300 _a140p.
942 _cTEXL
_h371.426, ABB
999 _c1327641
_d1327641